000 00858 a2200205 4500
005 20080827102829.0
008 080827t xxu||||| |||| 00| 0 eng d
010 _aENG-87260
020 _a8183185029
_c175.00
035 _aEN-70793
037 _bDBAD / PUB
082 _a658.408
100 _aSuri, R.K.
_956
245 _aPolitics, ethics and social responsibilities of business
_cby R.K. Suri, Parineeta Sharma [and] Sanjiv Verma
_ba text book for B.Com (Hons.)
260 _aMumbai
_bHimalaya Publishing House
_c2006
270 _a"Ramdoot", Dr. Bhalerao Marg, Girgaon
_bMumbai
_e400 004
300 _a244p.
_c24cm (pbk )
942 _adpl
_cEN
_k658.408 / SUR
_2ddc
_h658.408
_mSUR
999 _c6319
_d6319